LEADER 01967nam0 2200409 i 450 001 MIL0415412 005 20251003044233.0 010 $a8834890337 020 $aIT$b99-9315 100 $a20200214d1998 ||||0itac50 ba 101 | $aita 102 $ait 181 1$6z01$ai $bxxxe 182 1$6z01$an 183 1$6z01$anc$2RDAcarrier 200 1 $aˆLa ‰comunicazione istituzionale dell'ente locale territoriale$fFlavio Gnecchi 210 $aTorino$cG. Giappichelli$d\1998! 215 $aXI, 151 p.$d24 cm 225 | $aImpresa economia comunicazione$v2 300 $aSegue: Appendice normativa. 410 0$1001MIL0415413$12001 $aImpresa economia comunicazione$v2 606 $aEnti locali$xServizi di informazione$xOrganizzazione$2FIR$3CFIC068487$9I 676 $a352.380945$9AMMINISTRAZIONE PUBBLICA. GESTIONE DELLE INFORMAZIONI. Italia$v21 676 $a352.94190945$9ORGANI LOCALI PER IL CONTROLLO DEI SERVIZI DI informazione e di ricerca. Italia$v20 686 $aI E 1$cDIRITTO PUBBLICO - Diritto amministrativo - Autonomie locali$2BGG 696 $aOrganizzazione $aServizi d'informazione 699 $aOrganizzazione$zOrganizzazione 699 $aServizi di informazione$yServizi d'informazione 700 1$aGnecchi$b, Flavio$3PUVV177787$4070$0374472 801 3$aIT$bIT-000000$c20200214 850 $aIT-BN0095 901 $bNAP 01$cPOZZO LIB.$nVi sono collocati fondi di economia, periodici di ingegneria e scienze, periodici di economia e statistica e altri fondi comprendenti documenti di economia pervenuti in dono. 912 $aMIL0415412 950 0$aBiblioteca Centralizzata di Ateneo$c1 v.$d 01POZZO LIB.ECON MON 4944$e 01C 0800194905E VMA 1 v. (Precedente collocazione: EC C 19 490)$fB $h20130225$i20130225 977 $a 01 996 $aComunicazione istituzionale dell'ente locale territoriale$9466269 997 $aUNISANNIO LEADER 02100nam0 2200397 i 450 001 BMT0026341 005 20251003044047.0 010 $a9788806248963 100 $a20220120d2021 ||||0itac50 ba 101 | $aita$cfre 102 $ait 105 $a|||| |||a| 181 1$6z01$ai $bxxxe 182 1$6z01$an 183 1$6z01$anc$2RDAcarrier 200 1 $aInchiostro simpatico$fPatrick Modiano$gtraduzione di Emanuelle Caillat 210 $aTorino$cEinaudi$d2021 215 $a107 p.$d23 cm 500 10$aEncre sympathique$3MOD1701064$9RAVV010821$92833337 606 $aNarrativa francese$2FIR$3LIGC021914$9E 676 $a843$9NARRATIVA FRANCESE$v11 676 $a843.914$9NARRATIVA FRANCESE, 1945-1999$v21 676 $a843.92$9NARRATIVA FRANCESE, 2000-$v21 676 $a843.92$9NARRATIVA FRANCESE, 2000-$v23 696 $aLetteratura narrativa francese 699 $aNarrativa francese$zLetteratura narrativa francese 700 1$aModiano$b, Patrick$3RAVV010821$4070$0439505 702 1$aCaillat$b, Emanuelle$3VIAV101346$4730 801 3$aIT$bIT-000000$c20220120 850 $aIT-BN0095 901 $bNAP 01$cBCA $nComprende monografie e periodici di diritto, testi di ingegneria, di scienze e tecnologia di nuova acquisizione. 912 $aBMT0026341 950 0$aBiblioteca Centralizzata di Ateneo$b1 v. in più copie$c1 v. in quattro copie$d 01BCA LETT. 11$e 01 0000080205 VMA A4 1 v.$fY $h20220505$i20220505$b1 v. in più copie$c1 v. in quattro copie$d 01BCA LETT. 11$e 01 0000080215 VMA A4(bis 1 v. (2. copia)$fY $h20220505$i20220505$b1 v. in più copie$c1 v. in quattro copie$d 01BCA LETT. 11$e 01 0000080225 VMA A4(ter 1 v. (3. copia)$fY $h20220505$i20220505$b1 v. in più copie$c1 v. in quattro copie$d 01BCA LETT. 11$e 01 0000080235 VMA A4(quater 1 v. (4. copia)$fY $h20220505$i20220505 977 $a 01 996 $aEncre sympathique$92833337 997 $aUNISANNIO